Achieving BS EN ISO 9000 / (Record no. 3564)

000 -LEADER
fixed length control field nam a22 a 4500
003 - CONTROL NUMBER IDENTIFIER
control field AKMAL
005 - DATE AND TIME OF LATEST TRANSACTION
control field 20170523111846.0
008 - FIXED-LENGTH DATA ELEMENTS--GENERAL INFORMATION
fixed length control field 170523s1995 enk 00 eng d
020 ## - INTERNATIONAL STANDARD BOOK NUMBER
International Standard Book Number 0749414405:
-- 0749420235:
Terms of availability RM 105.00
020 ## - INTERNATIONAL STANDARD BOOK NUMBER
International Standard Book Number 0749420197:
-- 0749413425:
020 ## - INTERNATIONAL STANDARD BOOK NUMBER
International Standard Book Number 0749413433:
-- 0749420227:
020 ## - INTERNATIONAL STANDARD BOOK NUMBER
International Standard Book Number 0749420219:
-- 0749414413:
040 ## - CATALOGING SOURCE
Original cataloging agency AKMAL
082 04 - DEWEY DECIMAL CLASSIFICATION NUMBER
Classification number 658.5620218 JAC
090 ## - LOCALLY ASSIGNED LC-TYPE CALL NUMBER (OCLC); LOCAL CALL NUMBER (RLIN)
Classification number (OCLC) (R) ; Classification number, CALL (RLIN) (NR) 658.5620218
Local cutter number (OCLC) ; Book number/undivided call number, CALL (RLIN) JAC
100 1# - MAIN ENTRY--PERSONAL NAME
Personal name Jackson, Peter,
Dates associated with a name 1942-
9 (RLIN) 7095
245 10 - TITLE STATEMENT
Title Achieving BS EN ISO 9000 /
Statement of responsibility, etc. Peter Jackson and David Ashton
260 ## - PUBLICATION, DISTRIBUTION, ETC.
Place of publication, distribution, etc. London :
Name of publisher, distributor, etc. Kogan Page,
Date of publication, distribution, etc. 1995
300 ## - PHYSICAL DESCRIPTION
Extent 192p. :
Other physical details ill. ;
Dimensions 24cm
500 ## - GENERAL NOTE
General note Includes index
504 ## - BIBLIOGRAPHY, ETC. NOTE
Bibliography, etc. note Bibliography: p.185
650 ## - SUBJECT ADDED ENTRY--TOPICAL TERM
Topical term or geographic name entry element Quality control
General subdivision Standards
9 (RLIN) 7082
650 ## - SUBJECT ADDED ENTRY--TOPICAL TERM
Topical term or geographic name entry element Quality control
General subdivision Handbooks, manuals, etc.
9 (RLIN) 1077
700 1# - ADDED ENTRY--PERSONAL NAME
Personal name Ashton, David,
Dates associated with a name 1939-
9 (RLIN) 7096
942 ## - ADDED ENTRY ELEMENTS (KOHA)
Source of classification or shelving scheme
Koha item type Book
Holdings
Withdrawn status Lost status Source of classification or shelving scheme Damaged status Not for loan Collection code Home library Current library Shelving location Date acquired Total Checkouts Full call number Barcode Date last seen Price effective from Koha item type
          NON-FICTION AKMAL Melaka AKMAL Melaka PINJAMAN 23.05.2017   658.5620218 JAC 201704651 23.05.2017 23.05.2017 Book
Pusat Sumber Maklumat Dato' Haji Sarmin Md Hussin, Akademi Kastam Diraja Malaysia, Melaka
Tel: 06-2331106 | Faks: 06-2313787